BSOP header

The Apostolate's family catechism : (Record no. 18165)

MARC details
000 -LEADER
fixed length control field 01127nam a2200229 4500
008 - FIXED-LENGTH DATA ELEMENTS--GENERAL INFORMATION
fixed length control field 031113s1994 ph a b 001 0 eng
020 ## - INTERNATIONAL STANDARD BOOK NUMBER
International Standard Book Number 0932406297 :Php600.00
090 ## - LOCALLY ASSIGNED LC-TYPE CALL NUMBER (OCLC); LOCAL CALL NUMBER (OCLC)
Classification number (OCLC) (R) ; Classification number, CALL (RLIN) (NR) BX1961
Local cutter number (OCLC) ; Book number/undivided call number, CALL (RLIN) L94a
100 1# - MAIN ENTRY--PERSONAL NAME
Personal name Lovasik, Lawrence G.
Fuller form of name (Lawrence George),
Dates associated with a name 1913-
245 14 - TITLE STATEMENT
Title The Apostolate's family catechism :
Remainder of title the Catholic faith : instruction and prayer /
Statement of responsibility, etc by Lawrence G. Lovasik.
250 ## - EDITION STATEMENT
Edition statement 2nd 2 v. abridged Phil. ed. /
Remainder of edition statement edited and cross-referenced by Burns K. Seeley.
260 ## - PUBLICATION, DISTRIBUTION, ETC. (IMPRINT)
Place of publication, distribution, etc Las Piñas :
Name of publisher, distributor, etc Apostolate for Family consecration,
Date of publication, distribution, etc 1994.
300 ## - PHYSICAL DESCRIPTION
Extent 2 v. (xlviii, 1104 p.) :
Other physical details ill. (some col.) ;
Dimensions 24 cm.
500 ## - GENERAL NOTE
General note "Cross-referenced with the new Catechism of the Catholic Church and Veritatis splendor."
500 ## - GENERAL NOTE
General note Previously published: Bloomingdale, Ohio :Apostolate for Family Consecration,1994.
504 ## - BIBLIOGRAPHY, ETC. NOTE
Bibliography, etc Includes bibliographical references and index.
505 0# - FORMATTED CONTENTS NOTE
Formatted contents note v. 1. Questions 1-193 -- v. 2. Questions 194-304.
610 24 - SUBJECT ADDED ENTRY--CORPORATE NAME
Corporate name or jurisdiction name as entry element Catholic Church
General subdivision Catechisms
-- English.
650 #4 - SUBJECT ADDED ENTRY--TOPICAL TERM
Topical term or geographic name as entry element Prayers.
951 ## - EQUIVALENCE OR CROSS-REFERENCE-GEOGRAPHIC NAME/AREA NAME [OBSOLETE] [CAN/MARC only]
General subdivision 00029000
700 1# - ADDED ENTRY--PERSONAL NAME
Personal name Seeley, Burns K.
951 ## - EQUIVALENCE OR CROSS-REFERENCE-GEOGRAPHIC NAME/AREA NAME [OBSOLETE] [CAN/MARC only]
-- 26616
-- BX1961/L94a-I
-- 070613111323812
-- 2000-12-21
-- FIL
Holdings
Withdrawn status Lost status Damaged status Not for loan Home library Current library Shelving location Date acquired Accession number Shelving control number Total Checkouts Full call number Barcode Date last seen Price effective from Koha item type
        BSOP Library BSOP Library Filipiniana 12/21/2000 26616 127   BX1961/L94a-I 00029000 02/23/2013 02/23/2013 Books
BSOP

Biblical Seminary of the Philippines
  All rights Reserved
  © 2024

CONTACT INFORMATION

Biblical Seminary of the Philippines,
  77-B Karuhatan Road, Valenzuela City,
  PHILIPPINES 1441
  Phone: +632 8292-6795 / 8292-6798
  Fax : +632 8292-6675
  Email: library@bsop.edu.ph